000 00857nam0a2200229 4500
001 RU\NLR\BIBL_A\012101455
005 20250623210131.0
035 _a(NLR Aleph) 012101455
090 _a13297020
_c13297020
100 _a20190925d1920 |||y0rusy50 ca
101 0 _achv
102 _aRU
105 _ay z 000 y
200 1 _aНауккăпа кооператси йал пурăнăçне тўрлетеççě
_dНаука и кооперация как устроительницы сельской жизни
_fА. А. Николаев
210 _aХусан
_cИзд-во Центр. Чуваш. отдела при Нар.Комиссариате по нац. делам
_d1920
215 _a16 с.
_d21
686 1 _aП100
700 1 _aНиколаев
_bА. А.
852 _aNLR
_bОНЛ
_jЧув./3-2068
942 _cBOOK
980 _aNB